000 00835nas a2200277 4500
001 BR9701206
003 BR-BrBNA
005 20231205100011.0
007 ta
008 230509b bl.|||p| |||| 00| 00por d
040 _aBR-BrBNA
_bpor
_cBiblioteca Nacional de Agricultura
041 _a(Pt)
072 _aH20
100 1 _aBettiol, W.
100 1 _aMigheli, Q.
100 1 _aGaribaldi, A.
245 1 _aControle, com materia organica, do tombamento do pepino, causado por Pythium ultimum Trow
650 _aPepino
650 _aTombamento de Planta
650 _aFungo
650 _aControle Biologico
650 _aMateria Organica
773 0 _tPesquisa Agropecuaria Brasileira (Brazil)
_xISSN 0100-204X
_g(Jan 1997), v. 32(1) p. 57-61
_wBR9701206
909 _a202311
_bLúcia
_c55
_dLúcia Elande
942 _2AGRIS
_n0
_cANA
999 _c153867
_d153867